000
00337nam a2200133Ia 4500
008
100328s9999 xx 000 0 und d
082
_b
71730
100
_a
प्रभावळकर दिलीप.
245
_a
हसगत
260
_b
राजहंस.
630
_a
हसगत
730
_a
हसगत
942
_c
BOOK
999
_c
557454
_d
557451